1317 1391 1814 1791 1958 1299 1177 1357 1831 1377 1811 1226 1056 1086 1997 1060 1069 1867 1360 1463 1070 1711 1481 1014 1537 1660 1600 1298 1384 1851 1246 1695 1363 1199 1218 1041 1424 1536 1821 1216 1943 1705 1763 1198 1389 1528 1962 1952 1783 1049 1813 1290 1844 1141 1377 1021 1234 1862 1729 1143 1109 1754 1894 1396 1856 1678 1536 1905 1795 1043 1403 1491 1790 1634 1412 1638 1449 1593 1096 1020 1434 1621 1666 1349 1572 1632 1456 1613 1475 1766 1025 1410 1795 1819 1993 1843 1537 1396 1990 BCNSPRNW ULIB Ver.6.0+V

เปลี่ยนเป็นภาษาไทย

Change to English
 แสดงรายละเอียดบรรณานุกรม
  กลับหน้าหลัก

Brief Record : Get Marc (ISO 2709) : E-mail record : QR code < ปิดหน้าต่าง
LEADER : 00000nam 2200000uu 4500
001    13399109289
003     ULIB
008    110327s2549||||th 000 0 tha d
020    9749477782
060 04 WM55^bอ332ก 2549
100 0  อรพรรณ ลือบุญธวัชชัย
245 10 การให้คำปรึกษาทางสุขภาพ /^cอรพรรณ ลือบุญธวัชชัย
250    พิมพ์ครั้งที่ 1
260    กรุงเทพฯ :^bธนาเพรส,^c2549
300    186 หน้า ;^c26 ซม.
650  7 ผู้ป่วย^xการให้คำปรึกษา
650  7 การแนะแนวสุขภาพ
650  7 การให้คำปรึกษาครอบครัว
945    ^p165^l0^i020510
945    ^p165^l0^i021542
945    ^p165^l0^i021541
945    ^p165^l0^i021540
945    ^p165^l0^i020509
995    ทศพร
999 ^a ใช้งานได้ทุกระบบ
รายการนี้ยังไม่มีแท็ก
คุณยังไม่ได้ล็อกอิน คุณสามารถมีกิจกรรมร่วมกับเว็บไซต์ได้ แต่ต้องล็อกอินก่อน ::
  ล็อกอิน

รายการสื่อสารสนเทศ

ลำดับที่ ประเภท เลขเรียก/บาร์โค้ด สถานที่ สถานะ
- ไม่พบข้อมูล -

รายการใกล้เคียง
    ผู้แต่ง [อรพรรณ ลือบุญธวัชชัย]

    หัวเรื่อง [การแนะแนวสุขภาพ]
    หัวเรื่อง [การให้คำปรึกษาครอบครัว]

BibComment


ยังไม่เคยถูกคอมเมนท์

คอมเมนท์ทรัพยากรรายการนี้
  คอมเมนท์: การให้คำปรึกษาทาง..


 Copyright 2026. Bcnsprnw @Library